000 00560nam a22001697a 4500
003 OSt
005 20120302144012.0
008 090218t xxu||||| |||| 00| 0 eng d
035 _a३५७
040 _cमराठी
245 _aटिळकांची कविता भाग - ४
250 _a१ ली
260 _aपुणे
_bव्हीनस
_c१९६३
300 _b३५० पाने
700 _aसंपा. - टिळक अशोक देवदत्त
_91042
942 _2ddc
_cBOOK
999 _c486299
_d486296